[Event "SK Königsspringer Nordwalde 1 - SV Ibbe"]
[Site "Verbandsliga 2019/2020"]
[Date "2020.02.22"]
[Round "7.3"]
[White "Langer, Ralf"]
[Black "Kasubke, Manfred"]
[Result "0-1"]
[WhiteElo "1749"]
[BlackElo "1834"]
[PlyCount "88"]
[EventDate "2020.??.??"]
[SourceDate "2019.09.14"]

1. d4 f5 2. c4 Nf6 3. Nc3 d6 4. Nf3 g6 5. g3 Bg7 6. Bg2 O-O 7. O-O Qe8 8. e4
fxe4 9. Ng5 Bg4 10. Qb3 Nc6 11. Ngxe4 Nxe4 12. Bxe4 Nxd4 13. Qxb7 Rb8 14. Qxa7
Nf3+ 15. Bxf3 Bxf3 16. h3 Rb7 17. Qe3 e5 18. Ne4 h6 19. Qd3 Qe6 20. Kh2 Rb4 21.
Be3 Bxe4 22. Qxe4 Rxc4 23. Qd3 e4 24. Qd2 g5 25. Rad1 Ra4 26. b3 Ra6 27. Rc1 c5
28. Rc2 Rfa8 29. Rd1 Be5 30. Rdc1 Kg7 31. Rd1 Kg6 32. Rdc1 R8a7 33. Rd1 Rh7 34.
Kg2 Qf6 35. Qe2 Rha7 36. Rdd2 h5 37. Qc4 Qf3+ 38. Kh2 Qf5 39. Qg8+ Rg7 40. Qe8+
Rf7 41. Rd5 Kg7 42. Bxc5 Bxg3+ 43. fxg3 Qxd5 44. Be3 Ra8 0-1

[Event "SK Königsspringer Nordwalde 1 - SV Ibbe"]
[Site "Verbandsliga 2019/2020"]
[Date "2020.02.22"]
[Round "7.4"]
[White "Hols, Bernhard"]
[Black "Werremeyer, Achim"]
[Result "1-0"]
[WhiteElo "1774"]
[BlackElo "1712"]
[PlyCount "63"]
[EventDate "2020.??.??"]
[SourceDate "2019.09.14"]

1. d4 Nf6 2. Nf3 e6 3. Bf4 c5 4. e3 Nc6 5. c3 d5 6. Nbd2 Be7 7. Be2 O-O 8. h4
Ne4 9. Qc2 f5 10. g3 Bd7 11. Ne5 Nxe5 12. dxe5 Nxd2 13. Qxd2 Bc6 14. Rg1 h6 15.
h5 b5 16. g4 a5 17. gxf5 Rxf5 18. Bg4 Rxf4 19. exf4 Qd7 20. Qc2 Bf8 21. Qg6 Rd8
22. O-O-O Qf7 23. Qxf7+ Kxf7 24. Rge1 Bd7 25. Bf3 Be7 26. Kb1 Bh4 27. Re2 Rf8
28. Rg1 Kg8 29. Rg4 Be7 30. Re1 Be8 31. Reg1 Rf7 32. Bxd5 1-0

[Event "SK Königsspringer Nordwalde 1 - SV Ibbe"]
[Site "Verbandsliga 2019/2020"]
[Date "2020.02.22"]
[Round "7.5"]
[White "Sivakumaran, Methunraj"]
[Black "Schmidt, Ralf"]
[Result "1/2-1/2"]
[WhiteElo "1631"]
[BlackElo "1591"]
[PlyCount "45"]
[EventDate "2020.??.??"]
[SourceDate "2019.09.14"]

1. d4 Nf6 2. c4 c5 3. d5 b5 4. cxb5 a6 5. bxa6 g6 6. Nc3 Bg7 7. e4 d6 8. Nf3
Qa5 9. Bd2 Bxa6 10. Be2 Nbd7 11. O-O O-O 12. Qc2 Bxe2 13. Nxe2 Qa6 14. Nc3 Ng4
15. h3 Nge5 16. Nxe5 Nxe5 17. f4 Nc4 18. b3 Nxd2 19. Qxd2 Qa5 20. Rfc1 Qb4 21.
Qd3 Ra3 22. Rab1 Bxc3 23. Rxc3 1/2-1/2

[Event "SK Königsspringer Nordwalde 1 - SV Ibbe"]
[Site "Verbandsliga 2019/2020"]
[Date "2020.02.22"]
[Round "7.6"]
[White "Steens, Rudolf"]
[Black "Barkia, Sofyen"]
[Result "0-1"]
[WhiteElo "1808"]
[BlackElo "1363"]
[PlyCount "67"]
[EventDate "2020.??.??"]
[SourceDate "2019.09.14"]

1. e4 c5 2. c3 Nc6 3. Nf3 Nf6 4. e5 Ng4 5. d4 cxd4 6. cxd4 d6 7. h3 Nh6 8. Na3
Nf5 9. Bb5 e6 10. O-O Bd7 11. g4 Nh4 12. Nxh4 Qxh4 13. Qf3 d5 14. Be3 a6 15.
Bd3 Be7 16. Nc2 h5 17. Kg2 hxg4 18. Qxg4 O-O-O 19. Ne1 f5 20. Qxh4 Rxh4 21. Nf3
Rh5 22. Be2 Rdh8 23. Rh1 g5 24. Rad1 Be8 25. Nh2 Rxh3 26. Nf3 Rxh1 27. Rxh1
Rxh1 28. Kxh1 Bh5 29. Ng1 Bxe2 30. Nxe2 Nb4 31. a3 Nd3 32. b4 f4 33. Nc1 Nb2
34. Nb3 0-1

[Event "SK Königsspringer Nordwalde 1 - SV Ibbe"]
[Site "Verbandsliga 2019/2020"]
[Date "2020.02.22"]
[Round "7.7"]
[White "Klausmeier, Achim"]
[Black "Holstegge, Ludger"]
[Result "1-0"]
[WhiteElo "1605"]
[BlackElo "1734"]
[PlyCount "51"]
[EventDate "2020.??.??"]
[SourceDate "2019.09.14"]

1. e4 c5 2. Nf3 Nc6 3. d4 cxd4 4. Nxd4 Nf6 5. Nc3 d6 6. Be2 e6 7. Be3 Be7 8.
O-O a6 9. Kh1 Qc7 10. f4 O-O 11. Bf3 Rd8 12. Qe2 Bd7 13. Qf2 Re8 14. Nb3 Rac8
15. a4 e5 16. f5 Qb8 17. g4 h6 18. Rg1 Nh7 19. h4 b5 20. axb5 axb5 21. Nd5 Bd8
22. g5 hxg5 23. hxg5 Ne7 24. Nf6+ gxf6 25. gxf6+ Ng6 26. fxg6 1-0

[Event "SK Königsspringer Nordwalde 1 - SV Ibbe"]
[Site "Verbandsliga 2019/2020"]
[Date "2020.02.22"]
[Round "7.8"]
[White "Keller, Hansjuergen"]
[Black "Hartmann, Viktor"]
[Result "1/2-1/2"]
[WhiteElo "1632"]
[BlackElo "1622"]
[PlyCount "46"]
[EventDate "2020.??.??"]
[SourceDate "2019.09.14"]

1. d4 d5 2. Bf4 Nf6 3. e3 Bf5 4. c4 dxc4 5. Bxc4 e6 6. Nc3 Nbd7 7. Nf3 Be7 8.
O-O O-O 9. h3 h6 10. Qe2 Bh7 11. Rfd1 c6 12. Rac1 Rc8 13. a3 a5 14. e4 b5 15.
Bd3 b4 16. axb4 axb4 17. Na4 g5 18. Bh2 Bg6 19. b3 Ne8 20. e5 Bxd3 21. Qxd3 Nb8
22. Qe4 Ng7 23. Nc5 Qd5 1/2-1/2

[Event "Schach Nienberge 2 - SC Rochade Emsdett"]
[Site "Verbandsliga 2019/2020"]
[Date "2020.02.22"]
[Round "7.1"]
[White "Delere, Adrian"]
[Black "Melkert, Tim"]
[Result "1-0"]
[WhiteElo "1799"]
[BlackElo "1945"]
[PlyCount "51"]
[EventDate "2020.??.??"]
[SourceDate "2019.09.14"]

1. e4 e6 2. d4 d5 3. exd5 exd5 4. Nf3 Nc6 5. Nc3 Bg4 6. Be2 Qd7 7. Bf4 O-O-O 8.
O-O Qf5 9. Qd2 Nf6 10. Ne5 Bxe2 11. Nxe2 Ne4 12. Qe3 Nxe5 13. Bxe5 f6 14. Ng3
Qd7 15. Nxe4 dxe4 16. Bg3 Qxd4 17. Qf4 Bd6 18. Qf5+ Kb8 19. c3 g6 20. Qe6 Qb6
21. Qxe4 Rhe8 22. Qc2 Bxg3 23. hxg3 Re5 24. Rad1 Rde8 25. Rd7 Re2 26. Qxe2 1-0

[Event "Schach Nienberge 2 - SC Rochade Emsdett"]
[Site "Verbandsliga 2019/2020"]
[Date "2020.02.22"]
[Round "7.2"]
[White "Da Costa Campos, Andre"]
[Black "Luecke, Thomas"]
[Result "1/2-1/2"]
[WhiteElo "1895"]
[BlackElo "1833"]
[PlyCount "64"]
[EventDate "2020.??.??"]
[SourceDate "2019.09.14"]

1. e4 c6 2. d4 d5 3. exd5 cxd5 4. c4 Nf6 5. Nc3 e6 6. Nf3 Bb4 7. cxd5 Nxd5 8.
Bd2 Nc6 9. Bd3 O-O 10. O-O Be7 11. a3 Bf6 12. Be3 Nxc3 13. bxc3 Bd7 14. Qb1 g6
15. Qxb7 Rb8 16. Qa6 Rb3 17. Rfc1 Rb6 18. Qa4 Nxd4 19. Qxa7 Nxf3+ 20. gxf3 Rb3
21. Qc5 Be7 22. Qd4 Bc6 23. Be4 Qxd4 24. Bxd4 Bxe4 25. fxe4 Rxa3 26. Rxa3 Bxa3
27. Rb1 Rc8 28. Kg2 Kf8 29. Rb7 Bd6 30. e5 Bc5 31. Rb3 Bxd4 32. cxd4 Rc4
1/2-1/2

[Event "Schach Nienberge 2 - SC Rochade Emsdett"]
[Site "Verbandsliga 2019/2020"]
[Date "2020.02.22"]
[Round "7.4"]
[White "Wetterau, Georg"]
[Black "Hemmers, Dieter"]
[Result "1/2-1/2"]
[WhiteElo "1818"]
[BlackElo "1773"]
[PlyCount "59"]
[EventDate "2020.??.??"]
[SourceDate "2019.09.14"]

1. e4 c5 2. Nc3 Nc6 3. g3 g6 4. Bg2 Bg7 5. d3 e6 6. f4 Nge7 7. Be3 d6 8. Nf3
Nd4 9. O-O Nec6 10. Rb1 O-O 11. e5 dxe5 12. Nxe5 Nxe5 13. fxe5 Bxe5 14. Ne4 Nf5
15. Bxc5 Bd4+ 16. Bxd4 Qxd4+ 17. Rf2 Ne3 18. Qe2 f5 19. c3 Qb6 20. d4 Ng4 21.
Rf4 e5 22. Rxg4 fxg4 23. Nc5 exd4 24. cxd4 Qd6 25. Qc4+ Kh8 26. Re1 Rb8 27. Ne4
Qe7 28. d5 b5 29. Qc3+ Qg7 30. Qd2 1/2-1/2

[Event "Schach Nienberge 2 - SC Rochade Emsdett"]
[Site "Verbandsliga 2019/2020"]
[Date "2020.02.22"]
[Round "7.5"]
[White "Schulte, Ralf"]
[Black "Schipke, Thorsten"]
[Result "1/2-1/2"]
[WhiteElo "1779"]
[BlackElo "1838"]
[PlyCount "34"]
[EventDate "2020.??.??"]
[SourceDate "2019.09.14"]

1. d4 d5 2. c4 e5 3. e3 Nc6 4. Nc3 Bb4 5. a3 Bxc3+ 6. bxc3 Nf6 7. cxd5 Qxd5 8.
Nf3 e4 9. Nd2 O-O 10. g3 Ne7 11. Bg2 Bg4 12. Qb3 Qxb3 13. Nxb3 Ned5 14. Bd2
Rfe8 15. O-O Nb6 16. Na5 Be2 17. Rfc1 Rab8 1/2-1/2

[Event "Schach Nienberge 2 - SC Rochade Emsdett"]
[Site "Verbandsliga 2019/2020"]
[Date "2020.02.22"]
[Round "7.6"]
[White "Weist, Thorsten"]
[Black "Fehlings, Gerd"]
[Result "1/2-1/2"]
[WhiteElo "1734"]
[BlackElo "1729"]
[PlyCount "80"]
[EventDate "2020.??.??"]
[SourceDate "2019.09.14"]

1. d4 e6 2. Nf3 d5 3. c4 c6 4. Nc3 Bd6 5. Bg5 Be7 6. Bxe7 Qxe7 7. e3 Nf6 8. Qc2
Nbd7 9. Bd3 dxc4 10. Bxc4 Nb6 11. Bd3 h6 12. O-O O-O 13. e4 Rd8 14. a3 Bd7 15.
e5 Nfd5 16. Ne4 Be8 17. Nfd2 Nf4 18. Nd6 Nc8 19. N2e4 Rd7 20. g3 Nd5 21. Qe2
Nxd6 22. Nxd6 Rad8 23. f4 f5 24. g4 Bg6 25. gxf5 exf5 26. Nxf5 Bxf5 27. Bxf5
Rc7 28. Rf3 Rf8 29. Qd3 Qf7 30. Bh7+ Kh8 31. Bg6 Nxf4 32. Bxf7 Nxd3 33. e6 Nxb2
34. Raf1 Re7 35. Bg6 Rxf3 36. Rxf3 Kg8 37. Bf7+ Kh7 38. Rf5 Nc4 39. h4 Nd6 40.
Rf3 Ne4 1/2-1/2

[Event "Schach Nienberge 2 - SC Rochade Emsdett"]
[Site "Verbandsliga 2019/2020"]
[Date "2020.02.22"]
[Round "7.7"]
[White "Gerighausen, Karl Heinz"]
[Black "Hagemann, Lars"]
[Result "1/2-1/2"]
[WhiteElo "1692"]
[BlackElo "1724"]
[PlyCount "33"]
[EventDate "2020.??.??"]
[SourceDate "2019.09.14"]

1. c4 c5 2. g3 Nf6 3. Bg2 g6 4. Nc3 Bg7 5. d3 Nc6 6. e4 d6 7. Nge2 a6 8. a3 O-O
9. O-O e6 10. Rb1 Rb8 11. b4 cxb4 12. axb4 b5 13. cxb5 axb5 14. Qb3 Qe7 15. h3
Bd7 16. Be3 Rfc8 17. Rfc1 1/2-1/2

[Event "Schach Nienberge 2 - SC Rochade Emsdett"]
[Site "Verbandsliga 2019/2020"]
[Date "2020.02.22"]
[Round "7.8"]
[White "Joergensmann, Rolf"]
[Black "Gatterdam, Karl Heinz"]
[Result "1/2-1/2"]
[WhiteElo "1613"]
[BlackElo "1695"]
[PlyCount "37"]
[EventDate "2020.??.??"]
[SourceDate "2019.09.14"]

1. e4 e5 2. Nf3 Nc6 3. Bb5 a6 4. Bxc6 dxc6 5. h3 Be6 6. d4 exd4 7. Qxd4 c5 8.
Qxd8+ Rxd8 9. O-O f6 10. Be3 Bd6 11. Nc3 Ne7 12. Rfe1 Ng6 13. Rad1 O-O 14. Rd2
b6 15. Red1 Be7 16. Nd5 Bxd5 17. Rxd5 Rxd5 18. Rxd5 Rd8 19. Rxd8+ 1/2-1/2